Сборник задач по курсу начертательной геометрии: учебное пособие

Бібліографічні деталі
Автор: Сальков Н. А. Николай Андреевич
Резюме:В сборник включены задачи по всем разделам курса начертательной геометрии. Предназначен для студентов, обучающихся по направлению «Архитектура». Сборник может быть полезен для студентов вузов других направлений.
Мова:Російська
Опубліковано: Москва, Инфра-М, 2014
Серія:Высшее образование. Бакалавриат
Предмети:
Формат: Книга
KOHA link:https://koha.lib.tpu.ru/cgi-bin/koha/opac-detail.pl?biblionumber=254050

MARC

LEADER 00000nam0a2200000 4500
001 254050
005 20231101232912.0
010 |a 9785160057729 
035 |a (RuTPU)RU\TPU\book\276472 
090 |a 254050 
100 |a 20140318d2014 m y0rusy50 ca 
101 0 |a rus 
102 |a RU 
105 |a a j 000zy 
200 1 |a Сборник задач по курсу начертательной геометрии  |e учебное пособие  |f Н. А. Сальков 
210 |a Москва  |c Инфра-М  |d 2014 
215 |a 127 с.  |c ил. 
225 1 |a Высшее образование. Бакалавриат 
330 |a В сборник включены задачи по всем разделам курса начертательной геометрии. Предназначен для студентов, обучающихся по направлению «Архитектура». Сборник может быть полезен для студентов вузов других направлений. 
606 1 |a Начертательная геометрия  |2 stltpush  |3 (RuTPU)RU\TPU\subj\45211  |9 64468 
610 1 |a задачи 
610 1 |a ортогональные проекции 
610 1 |a тени 
610 1 |a аксонометрические проекции 
610 1 |a перспективные проекции 
610 1 |a перспективы 
610 1 |a курсовые работы 
610 1 |a учебные пособия 
675 |a 514.18(076)  |v 3 
700 1 |a Сальков  |b Н. А.  |g Николай Андреевич 
801 1 |a RU  |b 63413507  |c 20140318 
801 2 |a RU  |b 63413507  |c 20150702  |g RCR 
942 |c BK 
959 |a 51/20140317  |d 5  |e 229,90  |f ЧЗТЛ:1  |f АНЛ:1  |f УФ:3